| 000 | 02475nam a2200457 c 4500 | ||
|---|---|---|---|
| 003 | BLK | ||
| 005 | 20191021110732.0 | ||
| 008 | 180408b bul|||||r ||||||| ||bul|| | ||
| 010 | _aKNG00070810000 | ||
| 020 |
_a978-954-585-755-3 _bиздат.: Бард |
||
| 040 | _aBLK | ||
| 041 |
_aBUL _cBUL |
||
| 080 |
_aОргани на обществения ред. Полиция. Обществена власт. Доброволни отреди. Държавна сигурност. Милиция. Дейност на полицията по вътрешно разузнаване _b351.74 _x(47+57)(091)(092) _z351.74(47+57)(091)(092) |
||
| 080 |
_aВътрешна политика. Вж и 329 _b323 _x(47+57)(091)(092) _z323(47+57)(091)(092) |
||
| 080 |
_aСъветски офицер и политик, началник на съветските тайни служби _b929 Берия, Лаврентий Павлович _x _z929 Берия, Лаврентий Павлович |
||
| 100 | 1 |
_aТоптигин, Алексей _eпърви автор _9130583 |
|
| 700 | 1 |
_aБалова, Татяна _eпрев. от рус. _9365658 |
|
| 139 |
_aТоптигин, Алексей _bБ 38 |
||
| 245 | 1 | 0 |
_aНеизвестният Берия _bМаршалът на Държавна сигурност _cАлексей Топтигин; прев. от рус. Татяна Балова. |
| 257 | _aRUS | ||
| 260 |
_аСофия _bБард _c2007 |
||
| 300 |
_a480 с. _c21 см |
||
| 380 | _a3 | ||
| 490 | 1 | _aГении и злодеи | |
| 500 | _aОриг. загл. Лаврентий Берия - неизвестный маршал госбезопасности / А. Топтыгин. - В библиогр. каре загл. Лаврентий Берия - неизвестният маршал от Държавна сигурност. - Офс. изд. | ||
| 600 | 1 | 4 |
_aБерия, Лаврентий Павлович _9244429 |
| 650 | 4 |
_aПолитици, съветски _9250566 |
|
| 650 | 4 |
_aДържавна сигурност - СССР - история _9255978 |
|
| 650 | 4 |
_aБерия, Лаврентий Павлович _9244429 |
|
| 653 | _aСССР | ||
| 653 | _aКПСС | ||
| 653 | _aБерия | ||
| 653 | _aдържавна сигурност | ||
| 653 | _aистория | ||
| 653 | _aбиографии | ||
| 852 | _aЦб 230877 | ||
| 856 | 4 |
_qpdf _u |
|
| 856 | 4 |
_qpdf _u |
|
| 942 |
_cKNG _n0 _02 |
||
| 944 |
_aCR _c29.01.2007 _kЛюдмила_Стоянова |
||
| 944 |
_aED _c07.08.2008 _k |
||
| 999 |
_c66512 _d66512 |
||